Economics /
محفوظ في:
| المؤلف الرئيسي: | |
|---|---|
| التنسيق: | كتاب |
| منشور في: |
Boston :
McGraw-Hill/Irwin,
c2008.
|
| الطبعة: | 7th ed. |
| الموضوعات: | |
| الوصول للمادة أونلاين: | http://www.loc.gov/catdir/enhancements/fy0743/2007024105-t.html http://www.loc.gov/catdir/enhancements/fy0743/2007024105-d.html |
| الوسوم: |
إضافة وسم
لا توجد وسوم, كن أول من يضع وسما على هذه التسجيلة!
|
MARC
| LEADER | 00000cam a2200000 a 4500 | ||
|---|---|---|---|
| 020 | |a 9780073402864 |c TZS 10,000/= | ||
| 020 | |a 0073402869 | ||
| 040 | |a MUL |b eng |e AACR | ||
| 082 | 0 | 0 | |a 330 COL |
| 100 | 1 | |a Colander, David C. | |
| 245 | 1 | 0 | |a Economics / |c David C. Colander. |
| 250 | |a 7th ed. | ||
| 260 | |a Boston : |b McGraw-Hill/Irwin, |c c2008. | ||
| 300 | |a 813 [62] p. : |b ill. ; |c 26cm. | ||
| 504 | |a Includes index. | ||
| 546 | |a eng | ||
| 650 | 0 | |a Economics. | |
| 856 | 4 | 1 | |u http://www.loc.gov/catdir/enhancements/fy0743/2007024105-t.html |
| 856 | 4 | 2 | |u http://www.loc.gov/catdir/enhancements/fy0743/2007024105-d.html |
| 942 | |c BK | ||
| 999 | |c 9379 |d 9379 | ||